Reforma monetaria 23 de enero, 1985 / (Record no. 15367)
[ view plain ]
| 000 -CABECERA | |
|---|---|
| campo de control de longitud fija | 00924nam a2200253 a 4500 |
| 001 - NÚMERO DE CONTROL | |
| campo de control | 000015823 |
| 003 - IDENTIFICADOR DEL NÚMERO DE CONTROL | |
| campo de control | DO-SdBNP |
| 005 - FECHA Y HORA DE LA ÚLTIMA TRANSACCIÓN | |
| campo de control | 20250616135328.0 |
| 008 - DATOS DE LONGITUD FIJA--INFORMACIÓN GENERAL | |
| campo de control de longitud fija | 100219s1986 dr 000 0 spa d |
| 040 ## - FUENTE DE LA CATALOGACIÓN | |
| Centro catalogador/agencia de origen | DO-SdBNP |
| Lengua de catalogación | spa |
| Centro/agencia transcriptor | BNPHU |
| 082 #4 - NÚMERO DE LA CLASIFICACIÓN DECIMAL DEWEY | |
| Número de clasificación | 338.97293 |
| Número de documento/Ítem | B213r |
| Número de edición | 22 |
| 110 2# - ENTRADA PRINCIPAL--NOMBRE DE ENTIDAD CORPORATIVA | |
| Nombre de entidad corporativa o nombre de jurisdicción como elemento de entrada | Banco Central de la República Dominicana |
| 9 (RLIN) | 83405 |
| 245 10 - MENCIÓN DE TÍTULO | |
| Título | Reforma monetaria 23 de enero, 1985 / |
| Mención de responsabilidad, etc. | prólogo Hugo Guilliani Cury. |
| 250 ## - MENCIÓN DE EDICIÓN | |
| Mención de edición | 2a. ed. |
| 260 ## - PUBLICACIÓN, DISTRIBUCIÓN, ETC. | |
| Lugar de publicación, distribución, etc. | Santo Domingo : |
| Nombre del editor, distribuidor, etc. | Banco Central de la Republica Dominicana, |
| Fecha de publicación, distribución, etc. | 1986. |
| 300 ## - DESCRIPCIÓN FÍSICA | |
| Extensión | 212 p. ; |
| Dimensiones | 29 cm. |
| 500 ## - NOTA GENERAL | |
| Nota general | Incluye referencias bibliográficas y notas al pie de las páginas |
| 590 ## - NOTA LOCAL (RLIN) | |
| Nota local | Inventariado, 2021/MFF |
| 650 #4 - PUNTO DE ACCESO ADICIONAL DE MATERIA--TÉRMINO DE MATERIA | |
| Término de materia o nombre geográfico como elemento de entrada | Reforma económica |
| Subdivisión geográfica | República Dominicana |
| 9 (RLIN) | 79134 |
| 651 #4 - PUNTO DE ACCESO ADICIONAL DE MATERIA--NOMBRE GEOGRÁFICO | |
| Nombre geográfico | República Dominicana |
| Subdivisión general | Política económica |
| 9 (RLIN) | 643 |
| 700 1# - PUNTO DE ACCESO ADICIONAL--NOMBRE DE PERSONA | |
| Nombre de persona | Guilliani Cury, Hugo, |
| Término indicativo de función/relación | pról. |
| 9 (RLIN) | 35621 |
| 910 ## - DATOS DE OPCIÓN DEL USUARIO (OCLC) | |
| Datos de opción del usuario | Validado. Control de calidad MFF |
| 942 ## - ELEMENTOS DE PUNTO DE ACCESO ADICIONAL (KOHA) | |
| Fuente del sistema de clasificación o colocación | Dewey Decimal Classification |
| Tipo de ítem Koha | Libro |
| Estado de retiro | Estado de pérdida | Fuente del sistema de clasificación o colocación | Restricciones de uso | No para préstamo | Código de colección | Localización permanente | Ubicación/localización actual | Ubicación en estantería | Fecha de adquisición | Total de préstamos | Signatura topográfica completa | Código de barras | Fecha visto por última vez | Precio válido a partir de | Tipo de ítem Koha | Número de copia |
|---|---|---|---|---|---|---|---|---|---|---|---|---|---|---|---|---|
| Dewey Decimal Classification | Excluido de préstamo | Excluido de préstamo | Patrimonio Dominicano | Biblioteca Nacional Pedro Henríquez Ureña | Patrimonio Dominicano | Depósito | 19.02.2010 | BNPHU PD 338.97293 R332m 1986 | 15823-10 | 25.06.2020 | 25.06.2020 | Libro y Folleto Colección Patrimonio Dominicano | ||||
| Dewey Decimal Classification | Excluido de préstamo | Préstamo restrigido | Patrimonio Dominicano | Biblioteca Nacional Pedro Henríquez Ureña | Patrimonio Dominicano | Depósito | 26.07.2011 | BNPHU PD 338.97293 R332m 1986 | 15823-20 | 25.06.2020 | 25.06.2020 | Libro y Folleto Colección Patrimonio Dominicano | e. 2 |
